000
00286nam a22001217a 4500
040
_c
SK
082
_a
635
100
_a
KITINOJA LISA
245
_a
small-scale postharvest handling practices a manual for horticultural crops
260
_a
RUA
_b
KIT
_c
2003
300
_a
258p.
942
_c
EK
999
_c
8742
_d
8742